000 00231nam a2200097Ia 4500
001 900690
005 20250826184819.0
008 250824s9999 xx 000 0 und d
245 0 _aMOR
_cKAHRAMAN TAZEOĞLU
260 _bDESTEK YAYINLARI
999 _c900690
_d900690